书目信息 |
| 书名: | In search of environmental excellence | |
| 作者: | Bruce Piasecki and Peter Asmus ; foreword by Jean-Michel Cousteau ; introduction by Claudine Schneider ; afterword by Robert K. Dawson | |
| 分册号: | ||
| 分册名: | 出版地: | New York : |
|
| 出版社: | Simon & Schuster | |
| 出版时间: | c1990. | |
| 页数: | 203 p. : | |
| 开本: | 24 cm. | |
| 丛书名: | ||
| 中图分类号: | ||
| 科图分类号: | ||
| 其他分类号: | X1 | |
| 主题词: | ||
| 电子资源: | ||
| 000 | 01286nam 2200337 a 4500 | |
| 001 | E0732605925 | |
| 005 | 20070505090340.82 | |
| 008 | 00010 eng | |
| 008 | uu | |
| 010 | @a90010078 //r92 | |
| 020 | @a0671690892 (hard) :@c$22.95. | |
| 020 | @a0671690906 (pbk.) :@c$9.95. | |
| 040 | @aDLC @cDLC @dDLC | |
| 043 | @an-us--- | |
| 049 | @aN5LA | |
| 050 | 00 | @aTD171 @b.P53 1990 |
| 082 | 00 | @a363.7/00973 @220 |
| 090 | @a2-91/X-171.2/P58/////////1009260 | |
| 090 | @aX1 | |
| 096 | @aX-171.2 @v2 | |
| 099 | @dX1@ex14 | |
| 100 | 10 | @aPiasecki, Bruce, @d1955- |
| 245 | 10 | @aIn search of environmental excellence :@bmoving beyond blame / @cBruce Piasecki and Peter Asmus ; foreword by Jean-Michel Cousteau ; introduction by Claudine Schneider ; afterword by Robert K. Dawson |
| 260 | 0 | @aNew York :@bSimon & Schuster,@cc1990. |
| 300 | @a203 p. :@bill., maps ;@c24 cm. | |
| 500 | @a"A Touchstone book." | |
| 504 | @aIncludes bibliographical references (p. [179]-200). | |
| 650 | 0 | @aEconomic development @xEnvironmental aspects. |
| 650 | 0 | @aEnvironmental protection @zUnited States. |
| 700 | 10 | @aAsmus, Peter. @b00 @c20020930 @lNLC09 @h2250 @b00 @c20021020 @lNLC09 @h0407 @lNLC09 @h2350 @lNLC09 @h1942 |
| 852 | 9 | @bWWJC @cJ08N @k2-91 @hX-171.2 @iP58 |
| In search of environmental excellence : : moving beyond blame / / Bruce Piasecki and Peter Asmus ; foreword by Jean-Michel Cousteau ; introduction by Claudine Schneider ; afterword by Robert K. Dawson.-New York : : Simon & Schuster, , c1990. |
| 203 p. : : ill., maps ; ; 24 cm. |
| "A Touchstone book." .-Includes bibliographical references (p. [179]-200). |
| ISBN 0671690892 (hard) :$22.95. |
| ● |
| 相关链接 |
|
|
|
|
正题名:In search of environmental excellence
索取号:X1/x14
 
预约/预借
| 序号 | 登录号 | 条形码 | 馆藏地/架位号 | 状态 | 备注 |
| 1 | 006437 | 300064374 | 第二样本阅览室/ [索取号:X1/x14] | 在馆 |